Formes de pays révélant des formes de pays #2 - Statistiques

Statistiques générales
  • Ce quiz a été pris 49 273 fois
  • Le résultat moyen est 13 sur 21
Réponses sur la Carte
Les réponses sont colorées sur une échelle allant du rouge au vert en fonction du pourcentage des utilisateurs qui les ont devinées à leur premier essai. Vous pouvez retrouver ces pourcentages ci-dessous.
 
Statistiques - réponses
Réponse % Correct
Italie
97%
Chili
95%
Espagne
95%
Maroc
91%
Mexique
88%
Islande
86%
Turquie
81%
Viêt Nam
80%
Papouasie-Nouvelle-Guinée
66%
Ukraine
66%
Namibie
60%
République Démocratique du Congo
59%
Gambie
57%
Angola
55%
Suisse
50%
Taïwan
46%
Gabon
33%
Syrie
33%
Antigua-et-Barbuda
24%
Singapour
23%
Samoa
18%
Aucun quiz correspondant
Distribution des résultats
% des personnes avec chaque résultat
Percentile par nombre de réponses
Votre historique - résultats
Vous n’avez pas pris ce quiz